| 000 | 01060nam a2200301 i 4500 | ||
|---|---|---|---|
| 003 | EG-GICUC | ||
| 005 | 20260414090431.0 | ||
| 008 | 260414s1986 le |||fr|||| 00| 0 ara d | ||
| 040 |
_a EG-GICUC _bara _c EG-GICUC _d EG-GICUC _erda |
||
| 082 | 0 | 4 |
_221 _a343.6 _bع ل . ع |
| 092 | 0 | 4 | _221 |
| 099 | _aLaw1 10 343.6 ع ل . ع 1986 C.1 | ||
| 100 | 1 |
_aعلي عبد القادر القهوجي _eمؤلف. |
|
| 245 | 1 | 0 |
_aعلم الاجرام و علم العقاب / _cدكتور علي عبد القادر القهوجي. |
| 264 | 1 |
_aبيروت : _bالدار الجامعية، _c1986. |
|
| 300 |
_a404 صفحة ؛ _b _c24 سم |
||
| 336 |
_2rda content _atext |
||
| 337 |
_2rda media _aComputer |
||
| 338 |
_2rda carrier _aOnline Resource |
||
| 500 | _aيشتمل علي ملاحق | ||
| 546 | _aالنص باللغة العربية | ||
| 650 | 1 | 4 |
_aعلم العقاب _2qrmak |
| 650 | 1 | 4 | _aعلم الاجرام |
| 651 | 1 | _2qrmak | |
| 856 | 4 | 0 | _uhttps://fll.law.cu.edu.eg/fulltext/bks/B10-09110.pdf |
| 905 | _a161 | ||
| 942 |
_2ddc _cBK _e21 _n0 |
||
| 999 |
_c70727 _d70727 |
||